Unique National Languages - Statistics

General Stats
  • This quiz has been taken 501 times
    488 since last reset
  • The average score is 74 of 132
Answer Stats
Language Country % Correct
Afrikaans South Africa
97%
Armenian Armenia
96%
Belarussian Belarus
96%
Bulgarian Bulgaria
95%
Czech Czech Republic
93%
Danish Denmark
93%
Estonian Estonia
93%
Finnish Finland
93%
Georgian Georgia
93%
Hungarian Hungary
93%
Icelandic Iceland
93%
Irish Ireland
93%
Japanese Japan
93%
Burmese Myanmar
93%
Hebrew Israel
91%
Latvian Latvia
91%
Lithuanian Lithuania
91%
Luxembourgish Luxembourg
91%
Mongolian Mongolia
91%
Bengali Bangladesh
90%
Fijian Fiji
90%
Haitian Creole Haiti
90%
Kazakh Kazakhstan
90%
Kyrgyz Kyrgyzstan
90%
Lao Laos
90%
Maltese Malta
90%
Nepali Nepal
90%
New Zealand Sign Language New Zealand
90%
Macedonian North Macedonia
90%
Norwegian Norway
90%
Papua New Guinean Sign Language Papua New Guinea
90%
Polish Poland
90%
Taiwanese Sign Language Taiwan
89%
Thai Thailand
89%
Marshallese Marshall Islands
88%
Samoan Samoa
88%
Seychellois Creole Seychelles
88%
Slovak Slovakia
88%
Slovene Slovenia
88%
Somali Somalia
88%
Uzbek Uzbekistan
88%
Māori New Zealand
87%
Turkmen Turkmenistan
87%
Tuvaluan Tuvalu
87%
Ukrainian Ukraine
87%
Vietnamese Vietnam
87%
Zimbabwean sign languages Zimbabwe
87%
Catalan Andorra
86%
Palauan Palau
86%
Tongan Tonga
86%
Khmer Cambodia
84%
Latin Vatican City
83%
Tagalog Philippines
82%
Kurdish Iraq
81%
Nauruan Nauru
81%
Urdu Pakistan
80%
Zulu South Africa
80%
Comorian Comoros
78%
Azeri Azerbaijan
77%
Romansh Switzerland
77%
Amharic Ethiopia
75%
Pashto Afghanistan
74%
Malagasy Madagascar
65%
Sámi Norway
62%
Sinhala Sri Lanka
59%
Pedi (Northern Sotho) South Africa
56%
Kirundi Burundi
54%
Gilbertese Kiribati
50%
Dzongka Bhutan
48%
Kinyarwanda Rwanda
47%
Ndebele (Southern) South Africa
45%
Tok Pisin Papua New Guinea
43%
Ndebele (Northern) Zimbabwe
42%
Tigrinya Eritrea
37%
Cavineño Bolivia
33%
Chácobo Bolivia
33%
Guarayu Bolivia
33%
Cayubaba Bolivia
32%
Afar Eritrea
32%
Chimán Bolivia
31%
Joaquiniano Bolivia
31%
Mojeño-Ignaciano Bolivia
31%
Hiri Motu Papua New Guinea
31%
Hakka Taiwan
31%
Hokkien Taiwan
31%
Shona Zimbabwe
31%
Araona Bolivia
29%
Bésiro Bolivia
29%
Canichana Bolivia
29%
Mojeño-Trinitario Bolivia
29%
Tigre Eritrea
29%
Baure Bolivia
28%
Leco Bolivia
27%
Machajuyai-Kallawaya Bolivia
27%
Machineri Bolivia
27%
Moré Bolivia
27%
Movima Bolivia
27%
Pacawara Bolivia
27%
Puquina Bolivia
27%
Sirionó Bolivia
27%
Tacana Bolivia
27%
Tapieté Bolivia
27%
Yuracaré Bolivia
27%
Zamuco Bolivia
27%
Guarasu'we Bolivia
26%
Itonama Bolivia
26%
Kumsa Bolivia
26%
Maropa Bolivia
26%
Mosetén Bolivia
26%
Dhivehi Maldives
26%
Paunaka Bolivia
25%
Uru-Chipaya Bolivia
25%
Yaminawa Bolivia
25%
Yuki Bolivia
25%
Ese Ejja Bolivia
24%
Toromona Bolivia
24%
Weenhayek Bolivia
24%
Bislama Vanuatu
23%
Tetum Timor-Leste
22%
Sango Central African Republic
19%
Chibarwe Zimbabwe
14%
Kalanga Zimbabwe
13%
Nambya Zimbabwe
12%
Beja Eritrea
11%
Ndau Zimbabwe
11%
Tonga Zimbabwe
10%
Tjwao Zimbabwe
9%
Bilen Eritrea
8%
Matsu Taiwan
8%
Kunama Eritrea
7%
Nara Eritrea
6%
Saho Eritrea
5%
No matching quizzes found
Score Distribution
Percent of People with Each Score
Percentile by Number Answered
Your Score History
You have not taken this quiz since the last reset